000 00953nam a2200265Ia 4500
003 OSt
005 20221005105225.0
006 a|||||r|||| 00| 0
007 ta
008 221004b |||||||| |||| 00| 0 hin d
020 _a9788191067446 (hbk)
_c300
024 _a7336
037 _b147, 29/08/2013, Swaraj Prakashan
_cTextual
040 _aCRL
_cCRL
_bhin
041 _2hin
_ahin
082 _aO152,3N58x, Q1
100 _aवीरेन्द्र कुमार
245 0 _aअपने - अपने कुरूक्षेत्र
246 _aApane - apane kurūkṣhetra
260 _aनई दिल्ली
_bईशा ज्ञानदीप भारत
_c2011
300 _a72पृ0
_ccm.
650 _aहिन्दी साहित्य
942 _hO152,3N58x, Q1
_cTEXL
_2cc
999 _c1015186
_d1015186